Bifurcación de Hopf doble no resonante /

Guardado en:
Otros Autores: Itovich, Griselda Rut. (Disertante), Cendra, Hernán. (Orientador), Moiola, Jorge Luis. (Orientador)
Formato: Manuscrito
Idioma:Spanish
Publicado: 2006.
Materias:
Etiquetas: Agregar Etiqueta
Sin Etiquetas, Sea el primero en etiquetar este registro!
LEADER 00940ntm a22002295a 4500
001 MAT.inmabb007019
008 061106s2006####ag#a#####bm###000#0#spa#d
005 20150506085257.0
245 1 0 |a Bifurcación de Hopf doble no resonante /  |c Griselda Rut Itovich. 
260 |c 2006. 
300 |a xvii, 152 h. :  |b il. ;  |c 30 cm. 
502 |a Tesis (doctoral)--Universidad Nacional del Sur. Departamento de Matemática, 2006. 
500 |a Director de tesis: Hernán Cendra y Jorge Luis Moiola. 
504 |a Incluye referencias bibliográficas (p. 141-152). 
100 1 |a Itovich, Griselda Rut.  |4 dis 
700 1 |a Cendra, Hernán.  |4 ths 
700 1 |a Moiola, Jorge Luis.  |4 ths 
710 2 |a Universidad Nacional del Sur.  |b Departamento de Matemática.  |4 dgg. 
082 0 4 |a 040  |a 15 
650 7 |a Matemáticas.  |2 unbist 
859 |a Ar-BaUNS  |b BIB. MATEMATICA  |h 040  |i B148 2006-768  |k R  |p 117236/006 
859 |a Ar-BaUNS  |b BIB. MATEMATICA  |h 040  |i B148 2006-768  |p 117237/006